| 000 | 00886cam a2200277 i 4500 | ||
|---|---|---|---|
| 001 | 112467 | ||
| 005 | 20230411085642.0 | ||
| 008 | 130821b2010 sp a 000 0 spa | ||
| 020 | _a9788473566902 | ||
| 020 | _a8473566904 | ||
| 041 | 0 | _aspa | |
| 050 | 1 | 4 |
_aZA 4201 _bO66s 2010 |
| 082 | 0 | 0 | _a004.65 |
| 100 | 1 | _aOrense Fuentes, Miguel | |
| 245 | 0 | 0 |
_aSEO : _bcómo triunfar en buscadores / _cMiguel Orense Fuentes ; con la colaboración de Octavio Isaac Rojas Orduña. |
| 250 | _a2a ed. | ||
| 260 |
_aPozuelo de Alarcón, Madrid : _bESIC, _c2010. |
||
| 300 |
_a331 p. : _bil. ; _c22 cm. |
||
| 440 | 0 | _aDivulgación (ESIC) | |
| 650 | 4 |
_aInternet _vGuías. |
|
| 650 | 4 |
_aBuscadores de internet _vGuías. |
|
| 650 | 4 |
_aBases de datos en internet _vGuías. |
|
| 650 | 4 | _aRecuperación de información en internet. | |
| 700 | 1 | _aRojas Orduña, Octavio Isaac. | |
| 942 |
_2lcc _cbk |
||
| 999 |
_c105376 _d105376 |
||